000 01096nam a22003857a 4500
001 BR8305035
003 BR-BrBNA
005 20230928091747.0
007 ta
008 230509b bl.||||| |||| 00| 0 por d
040 _aBR-BrBNA
_bpor
_cBiblioteca Nacional de Agricultura
041 _a(Por)
072 _aE30; E10; E15
_b/G514
090 _ E30 BR8305035
110 1 _aMinisterio da Agricultura, Brasilia, DF (Brasil)
_96753
245 1 _aPrograma Grande Carajas [Desenvolvimento regional, Para, Brasil]
_bVersao preliminar
260 3 _aBrasilia, DF (Brasil):
_c1983.
300 _av. 1-3
500 _a86 tables; 50 graphs
650 _aDESENVOLVIMENTO AGRICOLA
650 _aDESENVOLVIMENTO ECONOMICO
650 _aDESENVOLVIMENTO RURAL
650 _aDEMOGRAFIA
650 _aESTRUTURA AGRARIA
650 _aUSO DA TERRA
650 _aPECUARIA
650 _aAGRICULTURA
650 _aESTATISTICA DE PRODUCAO
650 _aMAO-DE-OBRA
650 _aCREDITO RURAL
650 _aCARAJAS
650 _aPARA
909 _a202309
_bLucia
_c55
_dLucia Elande
942 _cBK
999 _c35382
_d35382